00321nam a2200109Ia 4500008004100000082002000041100002400061245003300085260002300118630001800141650005200159211109s9999||||xx |||||||||||||| ||und|| a894.8124bAYY-A aAyyappa Panicker, K 0aAiyyapanickarude Lekhanangal bDC BooksaKottayam xGENERAL STACK aMalayalam LiteraturevMalayalam EssaysMalayalam